Statistiche per Marcatori del Milan in UEFA Champions League 2021-2022

Clicka qui per fare il quiz!

Statistiche generali

  • Questo quiz è stato fatto 10 volte
  • Il punteggio medio è 4 su 5

Statistiche sulle risposte

PartitaMinutoMarcatore% Corretto
Milan - Atletico Madrid 1-220'Rafael Leão
100%
Liverpool - Milan 3-244'Brahim Díaz
90%
Atletico Madrid - Milan 0-187'Junior Messias
90%
Milan - Liverpool 1-229'Fikayo Tomori
70%
Liverpool - Milan 3-242'Ante Rebić
60%

Distribuzione punteggi

Percentile per numero di risposta

Percentuale di utenti per punteggio

I tuoi punteggi nel tempo

Non hai fatto questo quiz